书目信息 |
| 题名: |
武当山传奇
|
|
| 作者: | 岳啸 著 | |
| 分册: | 第一卷 | |
| 出版信息: | 太原 山西人民出版社 1983 |
|
| 页数: | 279页 | |
| 开本: | 19cm | |
| 丛书名: | 通俗文学丛书 | |
| 单 册: | ||
| 中图分类: | I246.49 , I239.8 | |
| 科图分类: | ||
| 主题词: | 章回小说--中国--近代 , 长篇小说--中国--近代 , 戏剧文学--剧本--中国 | |
| 电子资源: | ||
| ISBN: | ||
| 000 | 00800nam2 2200301 45 | |
| 001 | 0183002055 | |
| 005 | 20040414143030.6 | |
| 010 | @dCNY1.40 | |
| 091 | @a10088.829 | |
| 100 | @a19950323d1983 em y0chiy0121 ea | |
| 101 | 0 | @achi |
| 102 | @aCN@b140000 | |
| 105 | @ay z 000ay | |
| 106 | @ar | |
| 200 | 10 | @a武当山传奇@h第一卷@h上@Awu dang shan chuan qi@f岳啸著 |
| 210 | @a太原@c山西人民出版社@d1983 | |
| 215 | @a279页@d19cm | |
| 225 | 2 | @a通俗文学丛书 |
| 410 | 0 | @120010@a通俗文学丛书 |
| 606 | @a章回小说@y中国@z近代 | |
| 606 | @a长篇小说@y中国@z近代 | |
| 606 | 0 | @a戏剧文学@x剧本@x中国 |
| 690 | @aI246.49@v3 | |
| 690 | @aI239.8 | |
| 701 | 0 | @a岳啸@Ayue xiao@4著 |
| 801 | 0 | @aCN@b上海图书馆@c20040414 |
| 801 | 2 | @aCN@bNLC@c20040414 |
| 905 | @f3@b143406-408@dI239.8@e56:1(1) | |
| 武当山传奇.第一卷.上/岳啸著.-太原:山西人民出版社,1983 |
| 279页;19cm.-(通俗文学丛书) |
| ISBN :CNY1.40 |
| ● |
| 相关链接 |
|
|
|
|
正题名:武当山传奇
索取号:I239.8/56:1(1)
 
预约/预借
| 序号 | 登录号 | 条形码 | 馆藏地/架位号 | 状态 | 备注 |
| 1 | 0143406 | 000962514 | 第二借阅区/ [索取号:I239.8/56:1(1)] | 在馆 | |
| 2 | 0143407 | 000962541 | 第二借阅区/ [索取号:I239.8/56:1(1)] | 在馆 | |
| 3 | 0143408 | 000962523 | 第二借阅区/ [索取号:I239.8/56:1(1)] | 在馆 | |
| 4 | 0143410 | 000962462 | 第一样本阅览室/ [索取号:I239.8/56:1(1)] | 在馆 |